| 000 | 00426nam a22001457a 4500 | ||
|---|---|---|---|
| 003 | 0 | ||
| 005 | 20221003153457.0 | ||
| 008 | 221003b xxu||||| |||| 00| 0 eng d | ||
| 050 |
_aHD30.2 _b.L54 2021 |
||
| 245 |
_aFDS Cube in power BI _cMark Angelo A. Ligot |
||
| 260 |
_aLas Pinas, Phillipines _bSouthville International School and Colleges _cC2021 |
||
| 300 |
_ax,50pp. _c28cm. _fTheses |
||
| 500 | _aFDS cube | ||
| 942 |
_2lcc _cTH |
||
| 999 |
_c364815 _d364815 |
||